Jake Paul - Pro Boxing Opponents - Statistics

General Stats
  • This quiz has been taken 27 times
    6 since last reset
  • The average score is 10 of 14
Answer Stats
Date W/L/D Opponent % Correct
19/12/25 LOSS - KO - R6 Anthony Joshua
100%
26/02/23 LOSS - S/DEC - R8 Tommy Fury
100%
29/10/22 WIN - U/DEC - R8 Anderson Silva
80%
15/11/24 WIN - U/DEC - R8 Mike Tyson
80%
05/08/23 WIN - U/DEC - R10 Nate Diaz
80%
28/11/20 WIN - TKO - R2 Nate Robinson
80%
18/12/21 WIN - KO - R6 Tyron Woodley
80%
29/08/21 WIN - S/DEC - R8 Tyron Woodley
80%
30/01/20 WIN - TKO - R1 Ali Al-Fakhri
60%
17/04/21 WIN - KO - R1 Ben Askren
60%
28/06/25 WIN - U/DEC - R10 Julio Cesar Chavez Jr.
60%
15/12/23 WIN - KO - R1 Andre August
40%
20/07/24 WIN - TKO - R6 Mike Perry
40%
02/03/24 WIN - TKO - R1 Ryan Bourland
40%
No matching quizzes found
Score Distribution
Percent of People with Each Score
Percentile by Number Answered
Your Score History
You have not taken this quiz since the last reset